| Tag |
First Indicator |
Second Indicator |
Subfields |
| LEADER |
00000cam a2200000 4500 |
| 001 |
in00000058145 |
| 005 |
20151008051506.0 |
| 008 |
770811s1948 cau 00000 eng |
| 010 |
|
|
|a 49007083
|
| 035 |
|
|
|a (OCoLC)03178922
|
| 035 |
|
|
|9 AAG8254AM
|
| 040 |
|
|
|a DLC
|c ZXC
|d TXA
|d UtOrBLW
|
| 049 |
|
|
|a TXAM
|c [164868]
|
| 050 |
0 |
0 |
|a UB342.U5
|b N8
|
| 082 |
0 |
|
|a 355.22
|
| 092 |
|
|
|a 355.22
|b N972i
|
| 100 |
1 |
|
|a Nunnally, Joe Frederick,
|d 1910-
|
| 245 |
1 |
0 |
|a I was a conscientious objector in camp, in prison [and] on parole ;
|b a very personal story of difficulties of experiences of one who believes war is now obsolete.
|
| 250 |
|
|
|a [1st ed.].
|
| 264 |
|
1 |
|a Berkeley, Calif. :
|b Sooner Pub. Co.,
|c [1948]
|
| 264 |
|
4 |
|c [©1948]
|
| 300 |
|
|
|a xi, 315 pages ;
|c 24 cm.
|
| 336 |
|
|
|a text
|b txt
|2 rdacontent
|
| 337 |
|
|
|a unmediated
|b n
|2 rdamedia
|
| 338 |
|
|
|a volume
|b nc
|2 rdacarrier
|
| 650 |
|
0 |
|a Conscientious objectors
|z United States.
|
| 999 |
|
|
|a MARS
|
| 999 |
f |
f |
|s 9c1082fc-0c74-3a54-866d-aed03cdeba44
|i 32d82060-7d34-3f0d-93f7-57ecda44116d
|t 0
|
| 952 |
f |
f |
|p normal
|a Texas A&M University
|b College Station
|c Sterling C. Evans Library
|d Evans: Library Stacks
|t 0
|e UB342.U5 N8
|h Library of Congress classification
|i unmediated -- volume
|m A14800804508
|
| 998 |
f |
f |
|a UB342.U5 N8
|t 0
|l Evans: Library Stacks
|